000 00955nam a2200325 a 4500
003 AR-BaBNM
005 20251128210651.0
008 082120s2002 ||||||||||||||000 | spa||
020 _a84-7432-713-X
040 _cAR-BaBNM
245 0 0 _aEl discurso como interacción social
_bestudios del discurso : introducción multidisciplinaria. 2
250 _a1ª ed.
260 _aBarcelona
_bGedisa
_c2000
300 _a460 p.
490 0 _aLingüística y análisis del discurso. Cla.De.Ma.
500 _aContiene índice de nombres
500 _aIndice temático
650 4 _aTEORIA LINGUISTICA
650 4 _aSEMANTICA
650 4 _aANALISIS LINGUISTICO
650 4 _aLINGUISTICA DESCRIPTIVA
650 4 _aTEORIA LITERARIA
653 0 _aPRAGMATICA
653 _aGRAMATICA TEXTUAL
653 _aANALISIS DEL DISCURSO
653 _aFILOSOFIA DEL LENGUAJE
700 1 _aDijk, Teun A. van
_ecompilador
942 _cBK
998 _cMARTIN
999 _c16359
_d16359